000 00758nam a2200253Ia 4500
003 OSt
005 20220926013921.0
006 a|||||r|||| 00| 0
007 ta
008 220923b |||||||| |||| 00| 0 eng d
037 _cGeneral Book
040 _aRTL
_cRTL
_beng
041 _2eng
_aeng
082 _aX:8:(B2893), M0;M4
100 _aMeredith Jack R.
_9126158
245 0 _aManagement of operations
250 _a2nd
260 _aNew York
_bJohn Wiley U. S. A.
_c1984
300 _axv, 679p. Appendix p.657-68; Glossary p.669-74
_ccm.
650 _aOperational Management
700 _a Gibbs Thomas E.
_9126159
942 _hX:8:(B2893), M0;M4
_cGB
_2CC
999 _c627127
_d627127